000 00488nam a22002057a 4500
003 UA-OsUOA
001 48124
007 ta
008 20070830b un ||||| |||| 00| 0 ukr d
090 _a821.161.2
_bB79
942 _cBK
040 _aUA-OsUOA
_bpol
_cUA-OsUOA
_dUA-OsUOA
245 _aCezar Bolliac
300 _a303 с.
955 _a2
041 _apol
080 _a821.161.2
650 7 _a82 Література. Літературознавство
_2UDC
999 _c334232
_d334232